000 00342nam a2200133Ia 4500
005 20260328104315.0
008 260328s9999||||xx |||||||||||||| ||und||
100 _aWissenbach, Vicente
245 0 _aCadernos Brasileiros de Arquitetura /
_cVicente Wissenbach
260 _bProjeto
300 _a111 p.
650 _aPAISAJISMO
942 _cBK
999 _c11136
_d11136